[Event "Regionalliga NW 0809"]
[Site "Bayern"]
[Date "2009.03.29"]
[Round "9.8"]
[White "Artamonov, Sergej"]
[Black "Link, Klaus"]
[Result "1/2-1/2"]
[WhiteElo "1893"]
[BlackElo "1935"]
[PlyCount "108"]
[EventDate "2008.10.05"]
[EventType "team-tourn"]
[EventRounds "9"]
[EventCountry "GER"]
[SourceTitle "EXT 2020"]
[Source "ChessBase"]
[SourceDate "2019.10.17"]
[SourceVersion "1"]
[SourceVersionDate "2019.10.17"]
[SourceQuality "1"]
[WhiteTeam "Hof"]
[BlackTeam "Klingenberg"]
[WhiteTeamCountry "GER"]
[BlackTeamCountry "GER"]

1. d4 Nf6 2. Nf3 e6 3. Bg5 d5 4. e3 Be7 5. Bd3 h6 6. Bh4 b6 7. Nbd2 0-0 8. Ne5 Nfd7 9. Bg3 Nxe5 10. dxe5 c5 11. c3 Ba6 12. Bc2 f5 13. exf6 Bxf6 14. Qh5 Qe8 15. Bg6 Qe7 16. Nf3 Nd7 17. Ne5 Nxe5 18. Bxe5 Bxe5 19. Qxe5 Qf6 20. Qxf6 Rxf6 21. Bc2 Raf8 22. f3 g5 23. Kf2 e5 24. Bb3 c4 25. Bd1 d4 26. exd4 exd4 27. cxd4 Rf4 28. Be2 Rxd4 29. Rad1 Rdf4 30. Rd7 R8f7 31. Rhd1 Kg7 32. h3 Rxd7 33. Rxd7+ Rf7 34. Rd4 Rc7 35. Bd1 Bc8 36. Ke3 Bf5 37. Kd2 Kf6 38. h4 Ke5 39. Kc3 b5 40. a3 a5 41. Rd8 gxh4 42. Re8+ Kf6 43. Ra8 Rg7 44. Ra6+ Be6 45. Rxa5 Rxg2 46. Rxb5 h3 47. Rh5 Kg6 48. f4 h2 49. Rh4 Rg3+ 50. Kd2 Bh3 51. Bc2+ Kg7 52. Be4 Rb3 53. a4 Rxb2+ 54. Kc1 Re2 1/2-1/2

[Event "Regionalliga NW 0304"]
[Site "Bayern"]
[Date "2004.03.07"]
[Round "7.7"]
[White "Weigand, Hans Christian"]
[Black "Artamonov, Sergej"]
[Result "1-0"]
[WhiteElo "1830"]
[BlackElo "1904"]
[PlyCount "59"]
[EventDate "2003.10.12"]
[EventType "team-tourn"]
[EventRounds "9"]
[EventCountry "GER"]
[SourceTitle "EXT 2006"]
[Source "ChessBase"]
[SourceDate "2005.11.24"]
[SourceVersion "1"]
[SourceVersionDate "2005.11.24"]
[SourceQuality "1"]
[WhiteTeam "Kronach"]
[BlackTeam "Hof"]
[WhiteTeamCountry "GER"]
[BlackTeamCountry "GER"]

1. c4 e6 2. Nc3 d5 3. cxd5 exd5 4. d4 Nf6 5. Bg5 c6 6. e3 Bd6 7. Bd3 0-0 8. Qc2 Nbd7 9. Nf3 Qa5 10. 0-0 Re8 11. a3 h6 12. Bh4 Qc7 13. b4 a6 14. Na4 Nf8 15. Bxf6 gxf6 16. Bf5 Ne6 17. Nc5 Ng7 18. Bxc8 Raxc8 19. g3 b6 20. Na4 Re4 21. Rac1 Qa7 22. Nc3 Ree8 23. Nh4 Qd7 24. Qe2 f5 25. Qf3 Be7 26. Ng2 Bd6 27. Nf4 Qe7 28. Rc2 b5 29. Rfc1 a5 30. Ncxd5 1-0

[Event "Oberliga Bayern 9899"]
[Site "Bayern"]
[Date "1998.10.25"]
[Round "2.6"]
[White "Saathoff, Richard"]
[Black "Artamonov, Sergej"]
[Result "1-0"]
[WhiteElo "2205"]
[BlackElo "1995"]
[PlyCount "45"]
[EventDate "1998.10.11"]
[EventType "team-tourn"]
[EventRounds "9"]
[EventCountry "GER"]
[SourceTitle "EXT 2020"]
[Source "ChessBase"]
[SourceDate "2019.10.17"]
[SourceVersion "1"]
[SourceVersionDate "2019.10.17"]
[SourceQuality "1"]
[WhiteTeam "Erlangen TB"]
[BlackTeam "Hof SK"]
[WhiteTeamCountry "GER"]
[BlackTeamCountry "GER"]

1. e4 d5 2. exd5 Qxd5 3. Nc3 Qa5 4. d4 Nf6 5. Bd2 Bf5 6. Nf3 c6 7. Bc4 e6 8. Qe2 Qb6 9. 0-0-0 Nbd7 10. Nh4 Bg6 11. Bxe6 fxe6 12. Qxe6+ Kd8 13. Nxg6 hxg6 14. Bg5 Qa5 15. d5 c5 16. Rhe1 Kc8 17. d6 Bxd6 18. Qxd6 Qc7 19. Qe7 Nb6 20. Qe6+ Kb8 21. g3 Nh5 22. Nb5 Qc6 23. Qe5+ 1-0

[Event "Landesliga Nord 9798"]
[Site "Bayern"]
[Date "1998.??.??"]
[Round "?.3"]
[White "Gehlert, Klaus"]
[Black "Artamonov, Sergej"]
[Result "1-0"]
[WhiteElo "2055"]
[BlackElo "2005"]
[PlyCount "77"]
[EventDate "1997.10.19"]
[EventType "team-tourn"]
[EventRounds "9"]
[EventCountry "GER"]
[SourceTitle "EXT 2020"]
[Source "ChessBase"]
[SourceDate "2019.10.17"]
[SourceVersion "1"]
[SourceVersionDate "2019.10.17"]
[SourceQuality "1"]
[WhiteTeam "Wuerzburg II"]
[BlackTeam "Hof SK II"]
[WhiteTeamCountry "GER"]
[BlackTeamCountry "GER"]

1. d4 c5 2. d5 e5 3. c4 d6 4. e4 Be7 5. Nf3 Bg4 6. Nc3 a6 7. Qb3 b6 8. Nd2 Bg5 9. f3 Bh5 10. Nd1 Bg6 11. Bd3 h5 12. 0-0 h4 13. Re1 Nh6 14. Ne3 Nd7 15. Ndf1 Bf4 16. Qc2 Bh5 17. Qf2 Qf6 18. g3 hxg3 19. hxg3 g5 20. gxf4 gxf4 21. Ng2 Rg8 22. Nh2 Ke7 23. Kf1 Rg3 24. Ne3 Qh4 25. Ke2 fxe3 26. Bxe3 Qh3 27. Rg1 Rag8 28. Rxg3 Rxg3 29. Rg1 Rxg1 30. Qxg1 Ng8 31. Kd2 Ngf6 32. Bf1 Qxf3 33. Nxf3 Bxf3 34. Qg7 Nxe4+ 35. Kc1 Nef6 36. Bg5 Bg4 37. Bh4 Bf5 38. Qg5 Bd3 39. Bxd3 1-0

[Event "Regionalliga NW 9697"]
[Site "Bayern"]
[Date "1997.??.??"]
[Round "?"]
[White "Artamonov, Sergej"]
[Black "Stelzig, Georg"]
[Result "1/2-1/2"]
[WhiteElo "1995"]
[BlackElo "2020"]
[PlyCount "103"]
[EventDate "1996.10.??"]
[EventType "team-tourn"]
[EventRounds "9"]
[EventCountry "GER"]
[SourceTitle "EXT 1999"]
[Source "ChessBase"]
[SourceDate "1998.11.16"]
[SourceVersion "1"]
[SourceVersionDate "1998.11.16"]
[SourceQuality "1"]
[WhiteTeam "Hof SK II"]
[BlackTeam "Klingenberg"]
[WhiteTeamCountry "GER"]
[BlackTeamCountry "GER"]

1. d4 e6 2. Nf3 f5 3. c4 Nf6 4. Nc3 d5 5. cxd5 exd5 6. Bf4 Bd6 7. Bxd6 Qxd6 8. e3 c6 9. Be2 f4 10. Qc1 fxe3 11. Qxe3+ Qe6 12. Qg5 0-0 13. 0-0 Qf5 14. Rfe1 Qxg5 15. Nxg5 Bf5 16. Rad1 Nbd7 17. Bd3 Bxd3 18. Rxd3 Rfe8 19. Rde3 Kf8 20. Ne6+ Kf7 21. f3 Nf8 22. Nc5 Rxe3 23. Rxe3 Rb8 24. b4 N6d7 25. Nd3 a5 26. b5 Ne6 27. bxc6 bxc6 28. Ne2 Rb1+ 29. Kf2 Ra1 30. a3 Kf6 31. Ndf4 Nxf4 32. Nxf4 Rc1 33. Nh5+ Kf7 34. Nxg7 Nb6 35. Ne6 Rc2+ 36. Kg3 Nc4 37. Nd8+ Kf8 38. Rb3 Nd6 39. Rb6 Nf5+ 40. Kf4 Nxd4 41. Ke5 Ke7 42. Nb7 Nb5 43. Nxa5 Nxa3 44. Rb7+ Ke8 45. Rxh7 Re2+ 46. Kd4 Nc2+ 47. Kd3 Rxg2 48. Nxc6 Ne1+ 49. Ke3 Nc2+ 50. Kf4 d4 51. Ne5 Nb4 52. Rd7 1/2-1/2

[Event "Regionalliga NW 9697"]
[Site "Bayern"]
[Date "1997.??.??"]
[Round "?"]
[White "Krauss, Josef"]
[Black "Artamonov, Sergej"]
[Result "1/2-1/2"]
[WhiteElo "2085"]
[BlackElo "1995"]
[PlyCount "32"]
[EventDate "1996.10.??"]
[EventType "team-tourn"]
[EventRounds "9"]
[EventCountry "GER"]
[SourceTitle "EXT 1999"]
[Source "ChessBase"]
[SourceDate "1998.11.16"]
[SourceVersion "1"]
[SourceVersionDate "1998.11.16"]
[SourceQuality "1"]
[WhiteTeam "Sand"]
[BlackTeam "Hof SK II"]
[WhiteTeamCountry "GER"]
[BlackTeamCountry "GER"]

1. e4 d6 2. d4 Nf6 3. Nc3 g6 4. f4 Bg7 5. Nf3 c5 6. Bb5+ Bd7 7. e5 Ng4 8. e6 Bxb5 9. exf7+ Kd7 10. Nxb5 Qa5+ 11. Nc3 cxd4 12. Nxd4 Bxd4 13. Qxg4+ Qf5 14. Qxf5+ gxf5 15. Bd2 Nc6 16. 0-0-0 Rhf8 1/2-1/2

[Event "Regionalliga NW 9596"]
[Site "Bayern"]
[Date "1996.??.??"]
[Round "?"]
[White "Artamonov, Sergej"]
[Black "Becker, Alexander1"]
[Result "1/2-1/2"]
[WhiteElo "1980"]
[BlackElo "1860"]
[PlyCount "36"]
[EventDate "1995.10.??"]
[EventType "team-tourn"]
[EventRounds "9"]
[EventCountry "GER"]
[SourceTitle "EXT 1999"]
[Source "ChessBase"]
[SourceDate "1998.11.16"]
[SourceVersion "1"]
[SourceVersionDate "1998.11.16"]
[SourceQuality "1"]
[WhiteTeam "Hof SK II"]
[BlackTeam "Kronach"]
[WhiteTeamCountry "GER"]
[BlackTeamCountry "GER"]

1. d4 d5 2. Nf3 e6 3. c3 Be7 4. Bf4 Nf6 5. e3 0-0 6. Bd3 c5 7. Nbd2 Nc6 8. Ne5 Qb6 9. Rb1 Rd8 10. Qf3 Bd7 11. Bg5 Be8 12. Qh3 h6 13. Bh4 Rac8 14. 0-0 Qc7 15. f4 Nh7 16. Ndf3 Bxh4 17. Qxh4 Qe7 18. Qh3 f6 1/2-1/2

[Event "Regionalliga NW 9596"]
[Site "Bayern"]
[Date "1995.??.??"]
[Round "?"]
[White "Artamonov, Sergej"]
[Black "Burgemeister, Wolfgang"]
[Result "1/2-1/2"]
[WhiteElo "1980"]
[BlackElo "2025"]
[PlyCount "77"]
[EventDate "1995.10.??"]
[EventType "team-tourn"]
[EventRounds "9"]
[EventCountry "GER"]
[SourceTitle "EXT 1999"]
[Source "ChessBase"]
[SourceDate "1998.11.16"]
[SourceVersion "1"]
[SourceVersionDate "1998.11.16"]
[SourceQuality "1"]
[WhiteTeam "Hof SK II"]
[BlackTeam "Coburg"]
[WhiteTeamCountry "GER"]
[BlackTeamCountry "GER"]

1. d4 g6 2. Nf3 Bg7 3. g3 Nf6 4. Bg2 0-0 5. 0-0 d6 6. c4 Nc6 7. Nc3 a6 8. h3 Rb8 9. e3 Nd7 10. b3 e5 11. Bb2 f5 12. dxe5 dxe5 13. Ne2 Qe7 14. a3 a5 15. Qc2 Nc5 16. Rfd1 Be6 17. Ne1 e4 18. Bxg7 Qxg7 19. Nd4 Rfd8 20. Qc3 Nxd4 21. Rxd4 Rxd4 22. exd4 a4 23. b4 Nb3 24. Rd1 Rd8 25. Nc2 b6 26. b5 Na5 27. Bf1 c5 28. bxc6 Nxc6 29. Qe3 Na5 30. d5 Qb2 31. Nd4 Bd7 32. Qg5 Re8 33. Qe3 Rc8 34. Rc1 Nb3 35. Rc3 Na5 36. Rc2 Qb1 37. Rc1 Qb2 38. Rc2 Qb1 39. Rc1 1/2-1/2